[Event "BL2-W9495"]
[Site "Germany"]
[Date "1995.??.??"]
[Round "?"]
[White "Matthaei, Alexander"]
[Black "Kos, Sebastian"]
[Result "1-0"]
[WhiteElo "2285"]
[BlackElo "2285"]

1.e4 g6 2.d4 Bg7 3.Nc3 c6 4.f4 d6 5.Nf3 Bg4 6.Be2 Qb6 7.e5 Nh6 8.Ne4 O-O
9.c3 dxe5 10.fxe5 f6 11.O-O Nd7 12.Bc4+ Kh8 13.e6 Ne5 14.Bb3 Nf5 15.Kh1 Nxf3
16.gxf3 Bh5 17.Bc2 Qc7 18.Qe1 g5 19.Ng3 Nxg3+ 20.hxg3 g4 21.Bf5 gxf3 22.g4 Bg6
23.Rxf3 Qd6 24.Qe4 Qd5 25.Qxd5 cxd5 26.Bf4 Bxf5 27.gxf5 Rg8 28.Raf1 Bf8 29.R1f2 Rg4
30.Rh2 Bg7 31.Be3 Rg8 32.Rfh3 h6 33.Rg2 Rxg2 34.Kxg2 Kh7 35.Kf3 Rc8 36.Ke2 Rc6
37.Kd3 Ra6 38.a3 Rb6 39.Rh2 Rc6 40.a4 b6 41.b3 Rc8 42.c4 dxc4+ 43.bxc4 Bf8
44.Rb2 Rd8 45.d5 Rc8 46.Ra2 Rb8 47.Bf4 Rb7 48.Rb2  1-0

[Event "Hessenliga"]
[Site "Germany"]
[Date "1995.??.??"]
[Round "?"]
[White "Meier, Wolfgang"]
[Black "Krah, Michael"]
[Result "1/2-1/2"]
[WhiteElo "2140"]
[BlackElo "2120"]

1.e4 g6 2.d4 Bg7 3.Nc3 c6 4.Bc4 d6 5.Qf3 e6 6.Nge2 Qe7 7.O-O Nd7 8.Bb3 b5
9.a3 Bb7 10.Qg3 a6 11.Bg5 f6 12.Bf4 e5 13.dxe5 dxe5 14.Be3 Nh6 15.Qh3 Nf7
16.Rad1 Nf8 17.Nc1 Bc8 18.Qh4 Be6 19.f3 Nd8 20.Qf2 Nb7 21.Rd2 Rd8 22.Rfd1 Rxd2
23.Qxd2 Nd7 24.Bxe6 Qxe6 25.b4 Bf8 26.Nb3 Be7 27.Ne2 Bd8 28.Nec1 Be7 29.Nd3 Kf7
30.Qf2 Rd8 31.Rd2 Ke8 32.Kf1 Kf7 33.Bb6 Rc8 34.Be3 Rd8 35.Ke1 Ke8 36.Ndc5 Ndxc5
37.Rxd8+ Bxd8 38.Bxc5 Be7 39.Qe3 g5 40.Qd3 Qd7 41.Qxd7+ Kxd7  1/2-1/2

[Event "Landesliga S9596 Bayern"]
[Site "Germany"]
[Date "1995.??.??"]
[Round "?"]
[White "Schmidt, Wolfgang"]
[Black "Geberl, Hans Walter"]
[Result "1-0"]
[WhiteElo "2305"]
[BlackElo "2170"]

1.e4 g6 2.d4 Bg7 3.Nc3 c6 4.Bc4 d6 5.Qe2 Bxd4 6.Bxf7+ Kxf7 7.Qc4+ d5 8.Qxd4 e5
9.Qxe5 Nf6 10.Bg5 Nbd7 11.Qf4 d4 12.O-O-O dxc3 13.e5 Qb6 14.bxc3 Rf8 15.exf6 Qc5
16.Nf3 Qxc3 17.Bh6 Qa1+ 18.Kd2 Qxf6 19.Qc4+ Ke8 20.Rhe1+ Kd8 21.Bg5  1-0

[Event "NRW-Liga I 9495"]
[Site "Germany"]
[Date "1995.??.??"]
[Round "?"]
[White "Roeder, Mathias"]
[Black "Schneider, B."]
[Result "1/2-1/2"]
[WhiteElo "2425"]
[BlackElo "2405"]

1.d4 g6 2.e4 Bg7 3.Nc3 c6 4.Nf3 d5 5.Bf4 dxe4 6.Nxe4 Qa5+ 7.Qd2 Qxd2+ 8.Nexd2 Nf6
9.O-O-O Nbd7 10.h3 O-O 11.Ne5 Nd5 12.Bh2 Nxe5 13.Bxe5 Bxe5  1/2-1/2

[Event "BL2-W9495"]
[Site "Germany"]
[Date "1995.??.??"]
[Round "?"]
[White "Wolf, Volker"]
[Black "Telljohann, Sven"]
[Result "1-0"]
[WhiteElo "2310"]
[BlackElo "2375"]

1.e4 g6 2.d4 Bg7 3.Nc3 c6 4.Be3 Nf6 5.f3 d6 6.Qd2 b5 7.a4 Qa5 8.b4 Qxb4 9.axb5 cxb5
10.Nxb5 Qxd2+ 11.Kxd2 Kd8 12.Rxa7 Rxa7 13.Nxa7 Ba6 14.Ne2 Kd7 15.Nc3 e6 16.Bxa6 Nxa6
17.Ra1 Nb8 18.Ra4 Rd8 19.Rb4 Ke8 20.Rb7 Nfd7 21.Ncb5 Ke7 22.Rc7 h6 23.Nc8+  1-0

[Event "Oberliga Ost A9495"]
[Site "Germany"]
[Date "1995.??.??"]
[Round "?"]
[White "Gempe, Thomas"]
[Black "Csulits, Anton"]
[Result "0-1"]
[WhiteElo "2225"]
[BlackElo "2310"]

1.e4 g6 2.d4 Bg7 3.Nc3 c6 4.h4 d5 5.exd5 cxd5 6.h5 Nc6 7.Be3 Nh6 8.Bb5 Nf5
9.Nf3 Nxe3 10.fxe3 a6 11.Bxc6+ bxc6 12.hxg6 hxg6 13.Rxh8+ Bxh8 14.Qd2 Qa5
15.b3 Bf6 16.Na4 Qc7 17.O-O-O a5 18.Nc5 Bf5 19.Rf1 Kf8 20.e4 dxe4 21.Ng5 Qh2
22.Ncxe4 Bg7 23.g4 Qxd2+ 24.Nxd2 Bxg4 25.Nxf7 Bf5 26.Ne5 Bxe5 27.dxe5 a4
28.Kb2 Kf7 29.Nf3 c5 30.Ng5+ Kg7 31.Rf4 axb3 32.cxb3 Rh8 33.a4 Rh5 34.Nf3 Be6
35.Ne1 g5 36.Rf2 Rh3 37.Nf3 Kh6 38.Nd2 g4 39.Rg2 Kh5 40.Kc2 Bd5 41.Rg1 g3
42.Kd3 Kg4 43.Ke3 g2+ 44.Kf2 e6 45.a5 Kf4 46.a6 Rc3 47.Rd1 Rc2 48.Kg1 Ra2  0-1

[Event "Landesliga N9596 Bayern"]
[Site "Germany"]
[Date "1995.??.??"]
[Round "?"]
[White "Erlbeck, Peter"]
[Black "Goetz, Andreas"]
[Result "1/2-1/2"]
[WhiteElo "2105"]
[BlackElo "2055"]

1.e4 c6 2.d4 g6 3.Nc3 Bg7 4.f4 d5 5.e5 Bf5 6.Nf3 h5 7.Bd3 Qd7 8.Be3 Nh6 9.h3 e6
10.Bf2 Bf8 11.Nh4 Be7 12.Nxf5 Nxf5 13.Qf3 h4 14.O-O-O Qc7 15.Bxf5 gxf5 16.g4 hxg3
17.Qxg3 Na6 18.Qg7 Kd7 19.Rdg1 Raf8 20.h4 Qd8 21.h5 Rhg8 22.Qh7  1/2-1/2

[Event "BL2-S9495"]
[Site "Germany"]
[Date "1995.??.??"]
[Round "?"]
[White "Renner, Christoph"]
[Black "Schmidt, Peter"]
[Result "0-1"]
[WhiteElo "2445"]
[BlackElo "2395"]

1.e4 g6 2.d4 Bg7 3.Nc3 c6 4.h3 d6 5.a4 Nf6 6.Nf3 O-O 7.Bf4 Qa5 8.Nd2 Nbd7
9.Be2 Qc7 10.Bg3 e5 11.Nc4 Ne8 12.d5 f5 13.exf5 gxf5 14.f4 exf4 15.Bxf4 Ne5
16.Qd2 c5 17.O-O Nxc4 18.Bxc4 a6 19.Rae1 Nf6 20.Qd3 Bd7 21.Re6 Ne4 22.Nxe4 fxe4
23.Qxe4 Bxe6 24.dxe6 Bd4+ 25.Kh1 Qe7 26.Rf3 Kh8 27.c3 Bg7 28.Bd3 Be5 29.Bh6 Rxf3
30.gxf3 c4 31.Bxc4 Rg8 32.f4 Qh4 33.Bf1 Qxh6 34.fxe5 Qxe6 35.Bg2 dxe5 36.Qxb7 Re8
37.Qe4 Rf8 38.Kg1 Rf4 39.Qa8+ Kg7 40.Qb7+ Kh6 41.a5 e4 42.Qb6 Qxb6+ 43.axb6 e3
44.Bf1 Rf6 45.b7 Rb6 46.Bxa6 Rxb2 47.Kf1 Kg5 48.c4 Kf4 49.Bb5 Rb1+ 50.Ke2 Rb2+
51.Kd3 Rd2+ 52.Kc3 Rd8 53.c5 Ke5 54.Be2 Kd5 55.Bg4 Kxc5 56.Kc2 Kc6 57.Bf3+ Kc7
58.Kc3 Rd2 59.Be4 Ra2  0-1

[Event "NRW-Liga I 9495"]
[Site "Germany"]
[Date "1995.??.??"]
[Round "?"]
[White "Gipslis, Aivars"]
[Black "Schneider, B."]
[Result "1/2-1/2"]
[WhiteElo "2485"]
[BlackElo "2405"]

1.e4 g6 2.d4 Bg7 3.Nc3 c6 4.Nf3 d5 5.h3 Nf6 6.e5 Ne4 7.Nxe4 dxe4 8.Ng5 c5
9.dxc5 Qc7 10.Bc4 O-O 11.O-O Qxc5 12.Qd5 Qxd5 13.Bxd5 Bxe5 14.Re1 Nc6 15.c3 Bg7
16.Bxc6 bxc6 17.Nxe4 Rb8 18.Nc5 Rd8 19.Nb3 Rb5 20.Be3 a5 21.Nd4 Rxb2 22.Nxc6 Re8
23.Bd4 Be6 24.a4 Bxd4 25.cxd4 Kf8 26.Re5 Bd7 27.Nxa5 Rb4 28.Rc5 Bxa4 29.Rc4 Rxc4
30.Nxc4 Bb3 31.Ne3 Rd8 32.Rb1 Be6 33.Rb4 Bd5 34.h4 h5  1/2-1/2

[Event "BL9495 (Women)"]
[Site "Germany"]
[Date "1995.??.??"]
[Round "202"]
[White "Koglin, Anke"]
[Black "Olbrich, Marina"]
[Result "1/2-1/2"]
[WhiteElo "2225"]
[BlackElo "2280"]

1.e4 c6 2.d4 g6 3.Nc3 Bg7 4.f4 d5 5.e5 h5 6.Nf3 Nh6 7.Be3 b5 8.Qd2 Nd7 9.g3 Nb6
10.h3 a5 11.Bf2 b4 12.Nd1 Bf5 13.Nh4 Be6 14.b3 Qd7 15.Nb2 Nf5 16.Nxf5 Bxf5
17.Nd3 f6 18.Nc5 Qc8 19.Be3 Nd7 20.Na4 Qb8 21.Bd3 fxe5 22.Bxf5 gxf5 23.dxe5 Nxe5
24.fxe5 Qxe5 25.Kf2 h4 26.Rag1 Qe4 27.gxh4 Bf6 28.Qd3 Qxh4+ 29.Ke2 d4 30.Bf2 Qh5+
31.Qf3 Qxf3+ 32.Kxf3 e5 33.Re1 Kf7 34.h4 Rae8 35.Nc5 Bd8 36.Bg3 Bc7 37.Kf2 Rhg8
38.h5 Rg4 39.h6 Bb6 40.Nd7 f4 41.Nxb6 fxg3+ 42.Kf3 Rf4+ 43.Kg2 e4 44.Nc4 Rf2+
45.Kxg3 Rf3+ 46.Kh2 Rf6 47.Ref1 Rxf1 48.Rxf1+ Kg6 49.Re1 e3 50.Kg3 Kxh6 51.Kf4 c5
52.Nd6 Rf8+ 53.Ke5 Rf2 54.Rg1 Rxc2 55.Nf5+ Kh7 56.Rh1+ Kg6 57.Rg1+  1/2-1/2

[Event "BL2-W9495"]
[Site "Germany"]
[Date "1995.??.??"]
[Round "?"]
[White "Thiel, Thomas"]
[Black "Telljohann, Sven"]
[Result "1-0"]
[WhiteElo "2320"]
[BlackElo "2375"]

1.e4 g6 2.d4 Bg7 3.Nc3 c6 4.Nf3 d5 5.h3 Nf6 6.e5 Ne4 7.Nxe4 dxe4 8.Ng5 c5
9.Bc4 O-O 10.c3 cxd4 11.cxd4 Nc6 12.Be3 Qa5+ 13.Kf1 h6 14.Nxe4 Rd8 15.f4 Qb4
16.b3 Be6 17.Bxe6 fxe6 18.Rc1 Nxd4 19.Rc4 Nc6 20.Qb1 Qb5 21.Nc3 Qa6 22.Kf2 b5
23.Rc5 g5 24.fxg5 Rf8+ 25.Kg1 hxg5 26.h4 Rf5 27.hxg5 b4 28.Ne4 Qe2 29.Rh3 Rd8
30.Nf2 Rxf2 31.Qh7+ Kf8 32.Bxf2 Rd1+ 33.Kh2 Qxf2 34.Rf3+ Qxf3 35.gxf3 Nxe5
36.Rc8+ Kf7 37.Qh5+ Ng6 38.f4 Rf1 39.Rc4 e5 40.Rxb4 exf4 41.Kg2  1-0

[Event "NRW-Liga II 9495"]
[Site "Germany"]
[Date "1995.??.??"]
[Round "?"]
[White "Matthaei, Alexander"]
[Black "Mueller, Michael"]
[Result "0-1"]
[WhiteElo "2285"]
[BlackElo "2320"]

1.e4 g6 2.d4 Bg7 3.Nc3 c6 4.f4 d5 5.e5 h5 6.Be3 Nh6 7.Nf3 Bg4 8.Be2 e6 9.O-O Nf5
10.Bf2 Bf8 11.Qd2 Nd7 12.Nd1 Qb6 13.c4 Qb4 14.Qxb4 Bxb4 15.c5 b6 16.a3 Bd2
17.Nxd2 Bxe2 18.Re1 Bxd1 19.Rexd1 Ke7 20.b4 Rhb8 21.cxb6 axb6 22.a4 Rb7 23.Nb3 Rba7
24.a5 bxa5 25.bxa5 Rb7 26.Ra3 Rb5 27.Be1 Ne3 28.Rd3 Nc2 29.Bh4+ Ke8 30.Ra4 Nb6
31.axb6 Rxa4 32.b7 Rxb7 33.Nc5 Rb1+ 34.Kf2 Rxd4 35.Rc3 Rxf4+ 36.Kg3 Rg4+
37.Kh3 Nd4 38.Ra3 g5 39.Ra8+ Ke7 40.Ra7+ Kf8 41.Bf2 Ne2 42.g3 Rf1 43.Kg2 Rc1
44.Nd7+ Kg7 45.Nf6 Nf4+ 46.Kf3 Rc3+ 47.Be3 Ng2 48.Kxg2 Rxe3 49.Nxh5+ Kg6
50.Nf6 Rc4 51.Nd7 Rc2+ 52.Kh3 Kf5  0-1

[Event "JBL NO95/96"]
[Site "Germany"]
[Date "1995.??.??"]
[Round "2"]
[White "Wanzek, Daniel"]
[Black "Ahrens, Manuela"]
[Result "1-0"]
[WhiteElo "2100"]
[BlackElo "2145"]

1.e4 g6 2.d4 Bg7 3.Nc3 c6 4.f4 d5 5.e5 h5 6.Nf3 Bg4 7.Be2 Nh6 8.Be3 Nf5 9.Bf2 e6
10.Qd2 Bf8 11.Nd1 Nd7 12.g3 c5 13.c4 dxc4 14.d5 exd5 15.Qxd5 Rb8 16.Bxc4 Qe7
17.Ng5 Nh6 18.O-O b5 19.Bd3 c4 20.Be4 Nc5 21.Qc6+ Bd7 22.Qd5 Rc8 23.Nc3 Ng4
24.Rad1 Nxf2 25.Rxf2 Bh6 26.e6 Nxe6 27.Nxf7 Rc5 28.Nd6+ Kf8 29.Qa8+ Kg7 30.Qxa7 Rc7
31.Qb6 Rd8 32.f5 gxf5 33.Nxf5+  1-0

[Event "Landesliga S9495 Bayern"]
[Site "Germany"]
[Date "1995.??.??"]
[Round "5"]
[White "Schoenbauer, Max"]
[Black "Sailer, Wolfgang"]
[Result "0-1"]
[WhiteElo "2085"]
[BlackElo "2115"]

1.d4 g6 2.e4 Bg7 3.Nc3 c6 4.Nf3 d5 5.e5 f6 6.Bf4 Nh6 7.Qd2 Nf7 8.exf6 exf6
9.Be2 O-O 10.O-O Bg4 11.Rfe1 Nd7 12.h3 Bxf3 13.Bxf3 f5 14.Rad1 a5 15.b3 Nf6
16.Na4 Nd6 17.Bxd6 Qxd6 18.Nc5 b6 19.Ne6 Rfe8 20.Nxg7 Kxg7 21.c4 Ne4 22.Qd3 Qb4
23.cxd5 cxd5 24.Rc1 Rac8 25.Bxe4 Rxe4 26.Rxc8 Qxe1+ 27.Qf1 Qxf1+ 28.Kxf1 Rxd4
29.Rb8 Rb4 30.Rb7+ Kf6 31.Ke2 Ke5 32.Kd3 b5 33.Re7+ Kf6 34.Rxh7 a4 35.Kc3 axb3
36.axb3 Re4 37.Kd3 b4 38.Rb7 Ke5 39.g3 Rd4+ 40.Ke3 Re4+ 41.Kd3 Rd4+ 42.Kc2 Ke4
43.Rg7 Rd3 44.Rxg6 Rc3+ 45.Kb2 Rf3 46.Re6+ Kd3 47.h4 Rxf2+ 48.Kc1 d4 49.h5 Kc3
50.Rc6+ Kxb3 51.h6 Rh2 52.Kd1 Kb2 53.Rc4 Rxh6 54.Rxd4 Kc3 55.Rf4 Rh1+ 56.Ke2 b3
57.Rf3+ Kc4 58.Rf4+ Kd5 59.Rxf5+ Ke6 60.Rb5 b2 61.Rb6+ Kf5  0-1

[Event "Landesliga S9495 Bayern"]
[Site "Germany"]
[Date "1995.??.??"]
[Round "6"]
[White "Sirch, Franz"]
[Black "Loos, Stephan"]
[Result "0-1"]
[WhiteElo "2085"]
[BlackElo "2070"]

1.e4 g6 2.d4 Bg7 3.Nc3 c6 4.Bc4 d6 5.Nf3 Nf6 6.O-O O-O 7.a4 d5 8.Bd3 dxe4
9.Nxe4 Nxe4 10.Bxe4 Nd7 11.c3 Qc7 12.Re1 e5 13.dxe5 Nxe5 14.Nxe5 Bxe5 15.h3 Re8
16.Bg5 Be6 17.a5 f6 18.Be3 Bxh3 19.Qf3 Bd7 20.a6 b6 21.Red1 Rac8 22.Bd4 f5
23.Bxe5 Rxe5 24.Qd3 Rxe4 25.Qxd7 Re1+  0-1

[Event "Landesliga S9495 Bayern"]
[Site "Germany"]
[Date "1995.??.??"]
[Round "6"]
[White "Sirch, Franz"]
[Black "Sailer, Wolfgang"]
[Result "0-1"]
[WhiteElo "2085"]
[BlackElo "2115"]

1.e4 g6 2.d4 Bg7 3.Nc3 c6 4.f4 d5 5.e5 h5 6.Be3 Nh6 7.Qd2 Bf5 8.O-O-O e6
9.Nge2 Nd7 10.Ng3 b5 11.Nxf5 Nxf5 12.Bd3 Bf8 13.Qf2 Nxe3 14.Qxe3 Qa5 15.Kb1 Nb6
16.Ne2 Rb8 17.Qd2 Qa4 18.Rhf1 Nc4 19.Qc1 Rb6 20.Rf3 Qa5 21.Bxc4 bxc4 22.Qe3 Be7
23.Nc1 Kd7 24.g3 Rhb8 25.b3 Bb4 26.h3 Ra6 27.c3 Ba3 28.b4 Bxc1 29.Kxc1 Qxa2
30.Rf2 Qb3 31.Rc2 Ra1+ 32.Kd2 Rxd1+ 33.Kxd1 Rxb4 34.Qc1 Ra4 35.Qb2 Ra3 36.Kd2 a5
37.g4 hxg4 38.hxg4 a4 39.Qc1 Ra2 40.Rxa2 Qxa2+ 41.Ke3 a3 42.f5 Qb2 43.fxe6+ fxe6
44.Qh1 Qxc3+ 45.Ke2 Qc2+  0-1

[Event "Goch op 6th"]
[Site "Goch"]
[Date "1995.??.??"]
[Round "6"]
[White "Gross, K."]
[Black "Nowik, Volker"]
[Result "0-1"]
[WhiteElo "2005"]
[BlackElo "2170"]

1.e4 g6 2.d4 Bg7 3.Nc3 c6 4.Bc4 d6 5.a4 Nf6 6.Nf3 O-O 7.O-O Bg4 8.h3 Bxf3
9.Qxf3 Nbd7 10.Be3 e5 11.d5 c5 12.a5 Ne8 13.Qg3 Ndf6 14.Qh4 a6 15.Bg5 b5
16.axb6 Qxb6 17.Na4 Qb4 18.b3 h6 19.Bxf6 Nxf6 20.c3 Qb7 21.f3 Nh5 22.Nb2 Bf6
23.Qe1 Qe7 24.g3 Bg7 25.Kh2 f5 26.Rxa6 Rxa6 27.Bxa6 Ra8 28.Be2 Ra2 29.Qb1 Qa7
30.Bc4 f4 31.g4 Ng3 32.Rf2 Ra1 33.Qc2 Rh1+  0-1

[Event "Graz op"]
[Site "Graz"]
[Date "1995.??.??"]
[Round "4"]
[White "Kotz, Heinz Peter"]
[Black "Kummer, Helmut"]
[Result "0-1"]
[WhiteElo "2275"]
[BlackElo "2320"]

1.e4 g6 2.d4 Bg7 3.Nc3 c6 4.f4 d5 5.e5 h5 6.Nf3 Nh6 7.Bd3 Bf5 8.O-O e6 9.Ne2 Bf8
10.c4 Be7 11.b3 Kf8 12.Bxf5 Nxf5 13.Ng3 Nxg3 14.hxg3 Kg7 15.Be3 Na6 16.Qe2 Nc7
17.Rac1 Qd7 18.Rfd1 Rhc8 19.Nh2 dxc4 20.bxc4 b5 21.g4 hxg4 22.Nxg4 Rh8 23.Kf2 Rh4
24.g3 Rh5 25.Rh1 Rah8 26.Rxh5 Rxh5 27.Kg2 c5 28.dxc5 Bxc5 29.cxb5 Qd5+ 30.Qf3 Bxe3
31.Rxc7 Qxa2+ 32.Kf1 Qb1+ 33.Ke2 Qxb5+ 34.Kd1 Rh1+ 35.Qxh1 Qb1+ 36.Ke2 Qxh1
37.Nxe3 a5 38.g4 a4 39.Ra7 Qe4 40.f5 gxf5  0-1

[Event "Groningen op"]
[Site "Groningen"]
[Date "1995.??.??"]
[Round "?"]
[White "Korneev, Oleg"]
[Black "Delemarre, Jop"]
[Result "1-0"]
[WhiteElo "2605"]
[BlackElo "2320"]

1.e4 g6 2.d4 Bg7 3.Nc3 c6 4.f4 d5 5.e5 h5 6.Be3 Nh6 7.Qd2 Ng4 8.Nf3 Nxe3
9.Qxe3 Bf5 10.O-O-O e6 11.g3 Qa5 12.h3 b5 13.Nd2 Na6 14.Nb3 Qb6 15.a3 Bf8
16.Rg1 b4 17.Na4 Qb7 18.Qe2 Nc7 19.Nac5 Bxc5 20.Nxc5 Qb6 21.a4 b3 22.cxb3 a5
23.Qe3 Ke7 24.Kd2 Rab8 25.Rc1 Qb4+ 26.Rc3 Qb6 27.Ke1 Qa7 28.Kf2 Rb4 29.Kg2  1-0

[Event "Haarlem op"]
[Site "Haarlem"]
[Date "1995.??.??"]
[Round "4"]
[White "Galje, Hans"]
[Black "Carlier, Bruno"]
[Result "1/2-1/2"]
[WhiteElo "2070"]
[BlackElo "2350"]

1.e4 g6 2.d4 Bg7 3.Nc3 c6 4.Nf3 d6 5.h3 Nf6 6.a4 O-O 7.Be2 Qc7 8.O-O Nbd7
9.Be3 b6 10.Qd2 Bb7 11.Rad1 Rad8 12.Bh6 a6 13.Bxg7 Kxg7 14.Qe3 e5 15.dxe5 dxe5
16.Rd2 Nc5 17.a5 Rxd2 18.Nxd2 Ncd7 19.axb6 Nxb6 20.Nb3 Nfd7 21.Ra1 c5 22.Bxa6 c4
23.Nb5 Qb8 24.Nc5 Bc6 25.Nc3 Rd8 26.Rd1 Nf8 27.Qe2 Rd4 28.Bb5 Qd6 29.Bxc6 Qxc6
30.Na6 Na4 31.Nxa4 Qxa4 32.Nc7 Qc6 33.Nd5 Ne6 34.c3 Nf4 35.Qf3 Rd3 36.Rxd3 Nxd3
37.Qe2 Qb5 38.Qf3 Qa6 39.Qe2 Qa1+ 40.Kh2 Qxb2 41.Qxb2 Nxb2 42.Kg3 f5 43.f4 fxe4
44.fxe5 Nd3 45.e6 g5 46.h4 gxh4+ 47.Kxh4 Nc5  1/2-1/2

[Event "RLP Rp-ch"]
[Site "Hachenburg"]
[Date "1995.??.??"]
[Round "?"]
[White "Wieder, Heiner"]
[Black "Lang, Torsten"]
[Result "0-1"]
[WhiteElo "2110"]
[BlackElo "2135"]

1.e4 g6 2.d4 Bg7 3.Nc3 c6 4.Nf3 d5 5.exd5 cxd5 6.Bb5+ Nc6 7.O-O e6 8.Bxc6+ bxc6
9.Na4 Nf6 10.Bg5 Qc7 11.c3 Ne4 12.Bh4 O-O 13.Re1 f5 14.Nd2 Qf4 15.Nxe4 fxe4
16.Bg3 Qf5 17.Nc5 e5 18.Rf1 exd4 19.cxd4 Qg5 20.f4 exf3 21.Rxf3 Rxf3 22.gxf3 Bh3
23.Qd3 Re8 24.f4 Qf6 25.Nb3 Re4 26.Re1 Rxe1+ 27.Bxe1 Qe6 28.Qg3 Bf5 29.Bc3 Qe2
30.Qf2  0-1

[Event "Hajduboszormeny IM"]
[Site "Hajduboszormeny"]
[Date "1995.??.??"]
[Round "9"]
[White "Gal, Jozsef"]
[Black "Kotan, Ladislav"]
[Result "0-1"]
[WhiteElo "2255"]
[BlackElo "2380"]

1.e4 g6 2.d4 Bg7 3.Nc3 c6 4.f4 d5 5.e5 b6 6.Nf3 Ba6 7.Bxa6 Nxa6 8.Qe2 Qc8
9.h3 Nc7 10.Be3 e6 11.g4 h5 12.O-O-O Ne7 13.Rdf1 Qd7 14.Qd3 O-O-O 15.Ne2 Kb7
16.Rhg1 hxg4 17.hxg4 Na6 18.Ng5 Rdf8 19.Bd2 c5 20.dxc5 bxc5 21.c4 Nc6 22.Ne4 Ka8
23.cxd5 Ncb4 24.Bxb4 Nxb4 25.Qa3 exd5 26.Rd1 Rh2 27.N2c3 Qc6 28.Nd6 Rb8 29.Qa5 a6
30.a3 Na2+ 31.Nxa2 Rbxb2 32.Rd3 d4 33.Nc3 Rhc2+ 34.Kd1 Rxc3 35.Rxc3 dxc3
36.Kc1 Ka7 37.Qxc3 Rb8 38.Qc4 Qf3 39.Qxc5+ Ka8 40.Re1 Qxf4+ 41.Re3 Qf1+ 42.Kd2 Rb2+
43.Kc3 Qc1+ 44.Kd4 Rd2+ 45.Ke4 Qxc5  0-1

[Event "Wch U20"]
[Site "Halle"]
[Date "1995.??.??"]
[Round "1"]
[White "Matsuo, Tomohiko"]
[Black "Iordachescu, Viorel"]
[Result "0-1"]
[WhiteElo "2180"]
[BlackElo "2435"]

1.e4 g6 2.d4 Bg7 3.Nc3 c6 4.f4 d5 5.e5 Nh6 6.Nf3 f6 7.Be2 Bg4 8.O-O O-O 9.Qd2 Nd7
10.Nd1 fxe5 11.fxe5 Nf5 12.Ne3 Nxe3 13.Qxe3 c5 14.c3 cxd4 15.cxd4 Qb6 16.Qb3 Qxb3
17.axb3 Nb8 18.h3 Bxf3 19.Bxf3 e6 20.Bg4 Rxf1+ 21.Kxf1 Kf7 22.Ke2 Nc6 23.Kd3 Nb4+
24.Kc3 a5 25.Bg5 Ra6 26.Rf1+ Ke8 27.Kd2 Rc6 28.Rc1 h6 29.Rxc6 bxc6 30.Be3 Kf7
31.Bd1 Bf8 32.Ke2 Na6 33.Bd2 Nb4 34.Bxb4 axb4 35.Kd3 Be7 36.Bf3 h5 37.Be2 c5
38.dxc5 Bxc5 39.Bd1 Bf2 40.Bc2 Bg1 41.Ke2 Bd4 42.g4 hxg4 43.hxg4 Bxe5  0-1

[Event "Wch U20 Girls"]
[Site "Halle"]
[Date "1995.??.??"]
[Round "3"]
[White "Majigsuren, Dovdon"]
[Black "Glaser, Andrea"]
[Result "1/2-1/2"]
[WhiteElo "2155"]
[BlackElo "2015"]

1.e4 g6 2.d4 Bg7 3.Nc3 c6 4.f4 d5 5.e5 h5 6.Nf3 Nh6 7.Be3 Bg4 8.h3 Bxf3 9.Qxf3 h4
10.Bd3 e6 11.Bf2 Nd7 12.O-O-O Nf5 13.Qg4 Bf8 14.Ne2 Be7 15.Bxf5 exf5 16.Qf3 Nf8
17.Kb1 Ne6 18.Qe3 Qa5 19.Ng1 O-O-O 20.Nf3 Rdg8 21.Be1 Qd8 22.Rf1 Kb8 23.a3 Qb6
24.Rd3 Rc8 25.Bf2 Qc7 26.Qd2 Rcd8 27.Be3 Qd7 28.Qf2 Qc7 29.Rc1 Qd7 30.Rd2 Rc8
31.Rcd1 Qc7 32.Ka1 Qa5 33.Rd3 Rcd8 34.Bd2 Qc7 35.Be3 Qa5 36.Bd2 Qc7 37.Be3 Qa5
38.Bd2  1/2-1/2

[Event "Wch U20"]
[Site "Halle"]
[Date "1995.??.??"]
[Round "3"]
[White "Sammalvuo, Tapani"]
[Black "Cukier, Marcelo"]
[Result "1-0"]
[WhiteElo "2310"]
[BlackElo "2150"]

1.e4 g6 2.d4 Bg7 3.Nc3 c6 4.f4 d5 5.e5 h5 6.Nf3 Nh6 7.Be3 Bg4 8.Be2 Nd7 9.Qd2 e6
10.Bf2 Nf5 11.g3 Nb6 12.b3 Bf8 13.h3 Bxf3 14.Bxf3 Bb4 15.a3 Be7 16.Ne2 a5
17.Kf1 a4 18.g4 Ng7 19.Qc1 Nd7 20.Qb2 Qb6 21.Kg2 Qa5 22.c4 axb3 23.cxd5 exd5
24.Qxb3 hxg4 25.hxg4 Rxh1 26.Rxh1 O-O-O 27.Rb1 Qa7 28.Bxd5 cxd5 29.Nc3 Ne6
30.Nxd5 Bf8 31.f5 gxf5 32.gxf5 Nc7 33.Rc1 Nc5 34.Nb6+ Kb8 35.dxc5 Bh6 36.c6 Rd2
37.Rd1 Rxf2+ 38.Kxf2 bxc6 39.Kg2 Qb7 40.Rd8+ Ka7 41.Nc8+  1-0

[Event "Wch U20 Girls"]
[Site "Halle"]
[Date "1995.??.??"]
[Round "5"]
[White "Todorovic, Violeta"]
[Black "Glaser, Andrea"]
[Result "0-1"]
[WhiteElo "2090"]
[BlackElo "2015"]

1.e4 g6 2.d4 Bg7 3.Nc3 c6 4.f4 d5 5.e5 h5 6.Nf3 Nh6 7.Bd3 Bf5 8.Be3 Nd7 9.Bf2 Bxd3
10.Qxd3 Nf5 11.Bh4 Nxh4 12.Nxh4 e6 13.Nxg6 Rh6 14.f5 fxg6 15.f6 Nxf6 16.exf6 Qxf6
17.O-O-O O-O-O 18.Rhf1 Qg5+ 19.Rd2 Rhh8 20.Kb1 Rhf8 21.Re1 Qf5 22.Qg3 g5
23.a3 h4 24.Qe3 Rde8 25.Rdd1 Qf4 26.Qh3 Qf5 27.Qe3 Kb8 28.Ne2 e5 29.Rf1 Qe4
30.Qxe4 dxe4 31.dxe5 Rxf1 32.Rxf1 Bxe5 33.Rf5 Bxh2 34.Rxg5 e3 35.Rg4 Bg3
36.Kc1 Bf2 37.Kd1 c5 38.Rg5 Rd8+ 39.Kc1 Rd2 40.Nc3 e2  0-1

[Event "Wch U20 Girls"]
[Site "Halle"]
[Date "1995.??.??"]
[Round "7"]
[White "Skripchenko, Almira"]
[Black "Glaser, Andrea"]
[Result "1-0"]
[WhiteElo "2400"]
[BlackElo "2015"]

1.e4 g6 2.d4 Bg7 3.Nc3 c6 4.f4 d5 5.e5 h5 6.Nf3 Nh6 7.Be3 Bg4 8.h3 Bxf3 9.Qxf3 h4
10.Bd3 e6 11.O-O Nd7 12.Ne2 Bf8 13.b3 Be7 14.c4 b6 15.Rac1 Nf5 16.Bf2 Rc8
17.cxd5 cxd5 18.Ba6 Rb8 19.Rc2 O-O 20.a4 Bb4 21.Rfc1 Ba5 22.Qd3 b5 23.Bxb5 Bb6
24.Ba6 g5 25.b4 Qe7 26.a5 Bd8 27.Be1 gxf4 28.Nxf4 Kh8 29.Bc8 Nh6 30.Qf3 Rg8
31.Rc6 Nf8 32.Nxd5 Qg5 33.Ne3 Ng6 34.Ba6 Nf4 35.Rc8 Rxc8 36.Rxc8 Nf5 37.Nxf5 Qxf5
38.Kh1 Nxg2 39.Qxf5 exf5 40.Bf2 Nf4 41.Bf1 Nd5 42.Bc4 Nxb4 43.Bxf7 Rf8 44.d5 Kg7
45.Be6 Bxa5 46.Rxf8 Kxf8 47.Bc5+ Ke8 48.Bd4 f4 49.Bxa7 Nd3 50.Bd4 f3 51.Bg4 f2
52.Be2 Nf4 53.Bb5+ Kf7 54.e6+ Nxe6 55.dxe6+ Kxe6 56.Bxf2 Bd8 57.Kg2 Kf7 58.Kf3 Kg7
59.Kg4 Bf6 60.Kf5 Bb2 61.Bxh4 Kh8 62.Kg6 Bc3 63.Be7 Bd4 64.h4 Bc3 65.h5 Bd4
66.h6 Bc3 67.Bf8 Kg8 68.Bg7  1-0

[Event "Wichern op"]
[Site "Hamburg"]
[Date "1995.??.??"]
[Round "8"]
[White "Lampe, Dirk"]
[Black "Gustafsson, Jan"]
[Result "0-1"]
[WhiteElo "2320"]
[BlackElo "2205"]

1.e4 g6 2.d4 Bg7 3.Nc3 c6 4.Nf3 d6 5.a4 Nf6 6.h3 O-O 7.a5 Nbd7 8.Be3 Rb8
9.Be2 b5 10.axb6 axb6 11.d5 Bb7 12.O-O Nc5 13.dxc6 Bxc6 14.e5 Bxf3 15.exf6 Bxe2
16.fxe7 Bxd1 17.exd8=Q Rfxd8 18.Rfxd1 Bxc3 19.bxc3 Ne4 20.c4 Rdc8 21.Rd4 f5
22.Ra7 Ra8 23.Rxa8 Rxa8 24.f3 Ng3 25.Kf2 Nh1+ 26.Ke1 Ng3 27.Bf2 f4 28.Bxg3 fxg3
29.Kd2 Ra1 30.Kc3 Rg1 31.Rd2 Kf7 32.Kd4 Ke6 33.Re2+ Kf5 34.Kd5 Rf1 35.Kxd6 Rf2
36.Re5+ Kf6 37.Re6+ Kg5 38.Re5+ Kh6 39.Rb5 Rxg2 40.Rxb6 Rd2+ 41.Ke5 Rd1  0-1

[Event "Hastings Masters"]
[Site "Hastings"]
[Date "1995.??.??"]
[Round "3"]
[White "Howell, James C"]
[Black "Dunnington, Angus J"]
[Result "0-1"]
[WhiteElo "2525"]
[BlackElo "2385"]

1.e4 g6 2.d4 Bg7 3.Nc3 c6 4.h3 d6 5.Be3 b5 6.f4 b4 7.Nb1 Nf6 8.Nd2 O-O 9.Ngf3 a5
10.Bd3 Nbd7 11.Qe2 e5 12.fxe5 dxe5 13.O-O-O exd4 14.Bxd4 c5 15.Bf2 Nh5 16.e5 Nf4
17.Qe4 Nxd3+ 18.cxd3 Nxe5 19.Nxe5 Bf5 20.Qf3 Bxe5 21.Nc4 Bd4 22.Rhe1 a4 23.Bxd4 Qxd4
24.g4 Be6 25.Qe4 Rad8 26.a3 bxa3 27.Nxa3 Bb3 28.Rd2 Rfe8 29.Qxe8+ Rxe8 30.Rxe8+ Kg7
31.Nc2 Qf4 32.Re1 h6 33.d4 cxd4 34.Nxd4 Qg3 35.Rh1 Qc7+ 36.Kb1 Qf4 37.Kc1 Bc4
38.Nc2 Bb3 39.Nd4 Bd5 40.Rd1 Bc4 41.Rg1 Qe3 42.Rh1 Bd3 43.Rd1 Be4 44.Rf1 a3
45.bxa3 Qxa3+ 46.Kd1 Bd3 47.Nc2 Qb3  0-1

[Event "Hastings op9495"]
[Site "Hastings"]
[Date "1995.??.??"]
[Round "4"]
[White "Kosten, Anthony C"]
[Black "Webster, Andrew"]
[Result "1/2-1/2"]
[WhiteElo "2540"]
[BlackElo "2410"]

1.e4 g6 2.d4 Bg7 3.Nc3 c6 4.Nf3 d5 5.h3 Nf6 6.e5 Ne4 7.Nxe4 dxe4 8.Ng5 c5
9.e6 Bxe6 10.Nxe6 fxe6 11.Bc4 Qxd4 12.Qe2 Nc6 13.O-O O-O 14.Bxe6+ Kh8 15.c3 Qd3
16.Re1 Rad8 17.Bb3 Ne5 18.Qxe4 Qxe4 19.Rxe4 Nd3 20.Rxe7 Rxf2 21.Be3 Rxb2
22.Rd1 Bxc3 23.Bc4 Bf6 24.Bxc5 Rc2 25.Rxd3 Rc8 26.Bd4 Bxd4+ 27.Rxd4 R2xc4
28.Rdd7 Rh4 29.Rxb7 a5 30.Ra7 Rh5 31.Kh2 Kg8 32.a4 Kf8 33.Rf7+ Kg8 34.Rfb7 Kf8
35.g4 Rd5 36.Rxh7 Kg8 37.Rhg7+ Kf8 38.Rxg6 Rc3 39.Rf6+ Kg8 40.Raf7 Rdd3 41.Rf8+ Kg7
42.Kg2 Rg3+ 43.Kf1 Rxh3 44.R8f7+ Kg8 45.Rf2 Rc4 46.R2f4 Rxf4+ 47.Rxf4 Ra3
48.Ke2 Kg7 49.Kd2 Kg6 50.Kc2 Rg3 51.Kb2 Kg7 52.Rf5 Rxg4 53.Kb3 Rb4+ 54.Ka3 Rd4
55.Rxa5 Kf6 56.Rc5 Ke6 57.a5 Rd5 58.Rxd5  1/2-1/2

[Event "Hastings Masters"]
[Site "Hastings"]
[Date "1995.??.??"]
[Round "8"]
[White "Nataf, Igor Alexandre"]
[Black "Summerscale, Aaron"]
[Result "0-1"]
[WhiteElo "2370"]
[BlackElo "2455"]

1.e4 g6 2.d4 Bg7 3.Nc3 c6 4.f4 d5 5.e5 h5 6.Qd2 Nh6 7.Nd1 Bg4 8.Ne3 e6 9.h3 Bf5
10.Nf3 Be4 11.Ng5 Nf5 12.Nxf5 gxf5 13.h4 Nd7 14.Be2 Qe7 15.Qd1 O-O-O 16.Be3 f6
17.Nf3 Qb4+ 18.Qd2 Qxb2 19.Kf2 Qxc2 20.Qa5 Kb8 21.Nd2 Nb6 22.Bd1 Qb2 23.Bb3 fxe5
24.Rab1 Bxb1 25.Rxb1 exd4 26.Rxb2 dxe3+ 27.Kxe3 Bxb2 28.Nf3 Bc1+ 29.Kf2 Bxf4
30.Nd4 Rde8 31.Ba4 e5 32.Bxc6 exd4 33.Bxe8 Rxe8 34.Qb5 Re3 35.g4 fxg4 36.Qc5 g3+
37.Kf1 Be5 38.a4 Rc3 39.Qe7 Bc7 40.Qe8+ Nc8 41.Qxh5 Rc1+ 42.Kg2 Rc2+ 43.Kg1 d3  0-1